000 00827nac a22002171u 4500
020 _a9781859647998 :
082 _a428.24
_bPHI
090 _c5215
_d5215
100 _aPhillips, Terry
245 _aSkills in English : CD \
_cTerry Phillips
_nlevel 3
_pStudent's CDs
_bListening/
250 _a2nd ed.
260 _aLondon:
_bGarnet Education,2004.
_cc2004.
500 _aAudiovisuals
500 _aDistributer: Bacca
511 _aCatalogued by: Sara
650 _aEnglish language
_vTextbooks for foreign speakers
650 _aEnglish language
_vProblems, exercises, etc.
_xGrammar
650 _aEnglish language
_xstudy and teaching for foreign speakers
942 _cCDR
_k428.24PHI
999 _c5215
_d5215